00357 a2200109 4500001001000000005001700010008004100027245006800068100002100136700002100157773006900178ART_1412620260410161912.0260409a 10aUnemployement, employement and exports in British manufacturing1 aMuellbauer, John1 aWinter, David G.0 tEuropean economic reviewg- Vol. 13, NÂș 3 (may. 1980)wREV13346